000 00293nam a22001337a 4500
008 170202b xxu||||| |||| 00| 0 eng d
020 _a9781588080561
041 _aeng
080 _a618.2
100 _a2
101 _aINF
245 _aPOCKET SURVIVAL GUIDE
_cROTHENHAUS, T
942 _2udc
_cBK
999 _c4256
_d4256